|
|
|
|
| LEADER |
01110nam a2200301 a 4500 |
| 001 |
4843 |
| 003 |
BD-DhAAL |
| 005 |
20150418153701.0 |
| 008 |
150418s1997 dcu 000 0 eng |
| 010 |
|
|
|a 97013278
|
| 020 |
|
|
|a 0821339745
|
| 040 |
|
|
|a DLC
|c DLC
|d DLC
|d BD-DhAAL
|
| 050 |
0 |
0 |
|a HC79.E5
|b A354 1997
|
| 082 |
0 |
0 |
|a 363.7
|2 21
|
| 245 |
0 |
0 |
|a Advancing sustainable development :
|b the World Bank and Agenda 21.
|
| 260 |
|
|
|a Washington, DC :
|b World Bank,
|c 1997.
|
| 300 |
|
|
|a x, 80 p. ;
|c 27 cm.
|
| 490 |
|
|
|a Environmentally sustainable development studies and monographs series ;
|v no. 19
|
| 541 |
|
|
|e 4843
|
| 610 |
2 |
0 |
|a World Bank.
|9 10545
|
| 650 |
|
0 |
|a Sustainable development.
|9 10546
|
| 650 |
|
0 |
|a Economic development
|x Environmental aspects.
|9 8833
|
| 650 |
|
0 |
|a Environmental policy
|x International cooperation.
|9 10547
|
| 710 |
2 |
|
|a World Bank.
|9 10548
|
| 730 |
0 |
|
|a Agenda 21.
|9 10549
|
| 942 |
|
|
|2 ddc
|c BK
|
| 999 |
|
|
|c 34271
|d 34271
|
| 952 |
|
|
|0 0
|1 0
|2 ddc
|4 0
|6 363_700000000000000_ADV
|7 0
|9 53501
|a SCL
|b SCL
|c GEN
|d 2015-04-18
|e Gift: The Asia Foundation
|l 0
|o 363.7 ADV
|p 3020004843
|r 2015-04-18
|t 1
|w 2015-04-18
|y BK
|